Reviewing the review (Record no. 76124)

MARC details
000 -LEADER
fixed length control field 00776cab a2200181 4500
001 - CONTROL NUMBER
control field ##L131497
008 - FIXED-LENGTH DATA ELEMENTS--GENERAL INFORMATION
fixed length control field 051108n2005 000 0 eng u
035 ## - SYSTEM CONTROL NUMBER
System control number (Sirsi) u131497
041 0# - LANGUAGE CODE
Language code of text/sound track or separate title eng
100 1# - MAIN ENTRY--PERSONAL NAME
Personal name Latham, Michael
Titles and words associated with a name Sir
Dates associated with a name 1942-
245 00 - TITLE STATEMENT
Title Reviewing the review
260 ## - PUBLICATION, DISTRIBUTION, ETC.
Date of publication, distribution, etc. 2005
490 #0 - SERIES STATEMENT
Series statement Building
Volume/sequential designation 270(37) 16 September 2005, 39(1)
520 ## - SUMMARY, ETC.
Summary, etc. Reports on the DTI review of the payment and adjudication procedures of the Housing Grants, Construction and Regeneration Act 1996. Outlines the purpose of the review, and the progress so far. The consultation period has now ended, and the DTI's reaction and proposals are awaited.
650 24 - SUBJECT ADDED ENTRY--TOPICAL TERM
Topical term or geographic name entry element HOUSING GRANTS, CONSTRUCTION AND REGENERATION ACT 1996
690 ## - LOCAL SUBJECT ADDED ENTRY--TOPICAL TERM (OCLC, RLIN)
Topical term or geographic name as entry element MANAGEMENT-CORPORATE RECOVERY
942 ## - ADDED ENTRY ELEMENTS (KOHA)
Suppress in OPAC 0
Holdings
Withdrawn status Lost status Source of classification or shelving scheme Damaged status Not for loan Home library Current library Shelving location Date acquired Total Checkouts Full call number Barcode Date last seen Copy number Price effective from Koha item type
    Dewey Decimal Classification     London London Journal article 08/11/2005   L131497 131497-1001 06/08/2019 1 06/08/2019 Journal article